Contabilidad moderna 2... /

Guardado en:
Autor Principal: García Apolinar, Edgardo
Formato: Libro
Publicado: Buenos Aires : Troquel, 1974
Edición:3
Materias:
Etiquetas: Agregar Etiqueta
Sin Etiquetas, Sea el primero en etiquetar este registro!
LEADER 00709nam a22002055a 4500
001 CEM.cems002797
005 20060220000000.0
008 130507s1974##################000#0#####d
003 CEMS
082 0 4 |a 657 
100 1 |a García Apolinar, Edgardo 
245 1 0 |a Contabilidad moderna 2... /  |c Edgardo García Apolinar 
250 |a 3 
260 |a Buenos Aires :  |b Troquel,  |c 1974 
300 |a 225 p. 
653 |a Contabilidad 
859 |a CEMS  |b BIB. CEMS - 11 de abril  |h 657  |i G165a3/II  |p 6916.79  |t Ej.1 
859 |a CEMS  |b BIB. CEMS - 11 de abril  |h 657  |i G165a3/II  |p 6917.79  |t Ej.2 
859 |a CEMS  |b BIB. CEMS - 11 de abril  |h 657  |i G165a3/II  |p 6918.79  |t Ej.3 
859 |a CEMS  |b BIB. CEMS - 11 de abril  |h 657  |i G165a3/II  |p 6919.79  |t Ej.4